Normal view
MARC view
Entry Personal Name
001 - CONTROL NUMBER
- control field: 1163384
003 - CONTROL NUMBER IDENTIFIER
- control field: OSt
005 - DATE AND TIME OF LATEST TRANSACTION
- control field: 20260324121648.0
008 - FIXED-LENGTH DATA ELEMENTS
- fixed length control field: 260324|| aca||aabn | a|a d
040 ## - CATALOGING SOURCE
- Original cataloging agency: OSt
- Transcribing agency: OSt
100 ## - HEADING--PERSONAL NAME
- Personal name: Penny Harvey; Eleanor Casella; Gillian Evans; Hannah Knox; Christine McLean; Elizabeth B. Silva; Nicholas Thoburn; Kath Woodward
670 ## - SOURCE DATA FOUND
- Source citation: Work cat.: (OSt)1755634: Penny Harvey; Eleanor Casella; Gillian Evans; Hannah Knox; Christine McLean; Elizabeth B. Silva; Nicholas Thoburn; Kath Woodward, Objects and Materials
